000 00353nam a2200133Ia 4500
008 151001s9999||||xx |||||||||||||| ||und||
100 _aK. E. Priestely
245 _aEducation in china
250 _a1
260 _bDragon books
260 _c1993
300 _a145
365 _b9
999 _c954005
_d954002